000 00279nam a22001337a 4500
008 170824b xxu||||| |||| 00| 0 eng d
020 _a9780471509011
041 _aeng
080 _24ED
_a51
100 _a38
101 _aMAT
245 _aCALCULUS
_cANTON.H
942 _2udc
_cBK
999 _c24782
_d24782